000 00392nam a2200169Ia 4500
008 210210b1937 xxu||||| |||| 00| 0 eng d
041 _aeng
082 _a822/863
100 _aMOORE (R W)
245 _aIdea and expression
260 _aLondon
_bG Bell and Sons Limited
_c1937
650 _aIdea
650 _aexpression
650 _aand
690 _aEnglish Prose
906 _a013047
999 _c131881
_d131881